Đọc và dịch tiếng Anh /

محفوظ في:
التفاصيل البيبلوغرافية
المؤلف الرئيسي: Chu Xuân Nguyên
التنسيق: Sách giấy
اللغة:Vietnamese
English
منشور في: Hà Nội : Khoa học Xã hội , 1996
الوسوم: إضافة وسم
لا توجد وسوم, كن أول من يضع وسما على هذه التسجيلة!
Thư viện lưu trữ: Thư viện Trường Đại học Đà Lạt
LEADER 00573nam a2200241 4500
001 DLU020010204
005 ##11/17/1999
041 # # |a vie  |a eng 
082 # # |a 428  |b CH-N 
090 # # |a 428  |b CH-N 
100 # # |a Chu Xuân Nguyên 
245 # # |a Đọc và dịch tiếng Anh /  |c Chu Xuân Nguyên 
260 # # |a Hà Nội :  |b Khoa học Xã hội ,  |c 1996 
300 # # |a 344 tr.;   |c 19 cm. 
992 # # |a 25000 
994 # # |a DLU 
900 # # |a False 
911 # # |a Administrator 
925 # # |a G 
926 # # |a A 
927 # # |a SH 
980 # # |a Thư viện Trường Đại học Đà Lạt